| 000 | 01209cam a2200313 a 4500 | ||
|---|---|---|---|
| 001 | 4014334 | ||
| 003 | OSt | ||
| 005 | 20230920143528.0 | ||
| 008 | 970124r19971995enkab b 001 0 eng | ||
| 010 | _a 97000240 | ||
| 020 | _a0415165237 | ||
| 040 |
_aDLC _cDLC _dDLC |
||
| 043 | _an-us--- | ||
| 050 | 0 | 0 |
_aE169.1 _b.M45 1997 |
| 082 | 0 | 0 |
_a973 _bMAU/A |
| 100 | 1 |
_aMauk, David, _d1945- _99535 |
|
| 245 | 1 | 0 |
_aAmerican civilization : _ban introduction / _cDavid Mauk and John Oakland. |
| 250 | _a2nd ed. | ||
| 260 |
_aLondon ; _aNew York : _bRoutledge, _c1997. |
||
| 300 |
_axiv, 443 p. : _bill., maps ; _c22 cm. |
||
| 504 | _aIncludes bibliographical references (p. [429]-436 and index. | ||
| 651 | 0 |
_aUnited States _xCivilization. |
|
| 651 | 0 |
_aUnited States _xCivilization _xStudy and teaching _zForeign countries. |
|
| 700 | 1 | _aOakland, John. | |
| 856 | 4 | 2 |
_3Publisher description _uhttp://www.loc.gov/catdir/enhancements/fy0909/97000240-d.html |
| 906 |
_a7 _bcbc _corignew _d1 _eocip _f19 _gy-gencatlg |
||
| 942 |
_2ddc _cBK _h973 _iMAU/A _k973 _mMAU/A |
||
| 999 |
_c42265 _d42265 |
||